00366nam a22001337a 450000500170000000800410001704100130005808200130007110000130008424500440009726000350014130000300017665000260020620240503104337.0240503b |||||||| |||| 00| 0 eng d aEnglish  a349 LAW  lEnglish  aThe Law Reports: King's Bench Division  aLondon: bTHE COUNCIL, c1932  bxxv, 804 pages; c25 cm.  alegal practice bLaw